000 00973nam0a22002651 4500
001 rc\742041
005 20250622114619.0
035 _a(NLR Aleph) 006271441
090 _a6953642
_c6953642
100 _a20040301d1985 |||y0rusy50 ca
101 0 _arus
102 _aRU
105 _aa |||||||||
200 1 _aОптимизация производственных комплексов с переменными параметрами
210 _aМ.
_cЭнергоатомиздат
_d1985
215 _a116 с.
_cил.
_d20
320 _aБиблиогр.: с. 115 (25 назв.)
700 1 _7ca
_8rus
_aТарасов
_bВ. А.
_cканд. техн. наук
_cматематик
_gВалентин Алексеевич
_9165449
_3RU\NLR\AUTH\770165495
701 1 _aМарангозов
_bС.В.
_gСтойчо Владимиров
801 0 _aRU
_bNLR
_gpsbo
801 1 _aRU
_bELAR
_2rusmarc
852 _aNLR
_j85-5/3954
942 _cBOOK
980 _aNB